Begins and Ends: European Cities Quiz Stats

 Plays Quiz Updated Jan 30, 2018

Challenge
Share
Tweet
Embed
Score 0/20 Timer 04:00
5 Plays Today
Begins and Ends City % Correct
W _ _ _ _ WWarsaw
92.1%
S _ _ _ T    P _ _ _ _ _ _ _ _ GSaint Petersburg
90.2%
V _ _ _ _ AVienna
82%
M _ _ _ KMinsk
80.7%
A _ _ _ _ _ _ _ MAmsterdam
80.6%
M _ _ _ _ WMoscow
77.6%
M _ _ _ NMilan
68.4%
F _ _ _ _ _ _ _ TFrankfurt
62.4%
H _ _ _ _ _ GHamburg
60.8%
A _ _ _ _ SAthens
58%
Begins and Ends City % Correct
B _ _ _ _ _ _ SBrussels
57.8%
B _ _ _ _ _ _ _ ABarcelona
53.9%
B _ _ _ _ _ _ TBudapest
52.5%
P _ _ _ _ EPrague
52.2%
S _ _ _ _ _ _ _ MStockholm
50%
S _ _ _ ASofia
46.1%
B _ _ _ _ _ _ _ _ MBirmingham
46%
M _ _ _ _ _ _ _ EMarseille
35.7%
O _ _ _ _ AOdessa
33.4%
B _ _ _ _ _ _ EBelgrade
32.3%

You're not logged in!

Compare scores with friends on all Sporcle quizzes.
OR
Log In

You Might Also Like...

Show Comments

Extras

Top Quizzes Today


Score Distribution

Your Account Isn't Verified!

In order to create a playlist on Sporcle, you need to verify the email address you used during registration. Go to your Sporcle Settings to finish the process.

Report this User

Report this user for behavior that violates our Community Guidelines.

Details: